000 01829cab a2200193 4500
001 L130216
008 050704n2005 000 0 eng u
035 _a(Sirsi) u130216
041 _aeng
245 _aEirikur Mar Petursson and Agnes Ingsvarsdottir v Hutchinson 3G UK Limited
260 _c2005
520 _a[2005] EWHC 920 (TCC), 9 May 2005. Claimants (P) had sought to get defendant's (H) base station, which was installed 22 metres from the boundary of P's property where P both lived and worked, removed or repositioned as it had had substantial adverse effects on P's physical well being and enjoyment of their property. P had disposed of their interest in the property prior to the trial. P contended that their objection under the Electronic Telecommunications Code contained in the Telecommunications Act 1984 Sched 2 was well founded and that the adverse effect on P's health and well being was attributable to emissions from the base station. "Held": judgment for the defendant. P were not entitled to seek a removal order as they had disposed of their interest in the property prior to trial. Para 17(6) of the Code only permitted the court to uphold an objection if the interest in the property was current. The test in para 17(6) in respect of the material prejudicing the enjoyment of the property was objective and P had to demonstrate on the balance of probabilities that that had happened. P's evidence failed as it was based on subjective perception.
590 _aIKA040705
650 _aTELECOMMUNICATIONS ACT 1984
650 _aEIRIKUR MAR PETURSSON AND ANOTHER V HUTCHINSON 3G UK LTD
690 _aPROPERTY-INFRASTRUCTURE-TELECOMMUNICATIONS INFRASTRUCTURE
856 _uhttps://www.bailii.org/ew/cases/EWHC/TCC/2005/920.html
_zView the judgment free of charge at www.bailii.org...
942 _n0
999 _c75498
_d75498